00778cam a2200217 a 4500001000400000003001000004005001700014008004100031020001800072040002500090080002300115245014200138260003700280300002700317504002500344650002700369650004400396650003800440700005400478700002800532189BR-CuiBMT20231122234400.0230825b2022 mgba 000 0 por d a9786555184617 aBR-CuiBMTcBR-CuiBMT a351.712.2.022200710aAspectos polêmicos sobre a nova lei de licitações e contratos administrativos :blei nº 14.133/2021 /cMarcelo Harger coordenador. aBelo Horizonte :bFórum,c2022 a408 p. :bil. ;c24 cm aInclui bibliografia. aDireito administrativo aLicitação públicaxLegislação aContratos administrativosxBrasil1 aSchier, Adriana da Costa Ricardoeet al.eautores1 aHarger, Marcelo4coord.